000 00237nam a2200097Ia 4500
005 20251222114401.0
008 251222s1900||||xx |||||||||||||| ||spa||
082 _aDVD0111/D78L/2000/Ej.2
245 0 _aLas locuras del emperador:
942 _cDVD
999 _c1642
_d1642